000
00323nam a2200133Ia 4500
999
_c
4518
_d
4518
008
191201s1953 xx 000 0 und d
082
_a
677
_b
MAT
100
_a
MARSH, J .T
245
0
_a
Textile Science An Introductory Manual
260
_a
London
_b
Chapman
_c
1953
300
_a
388
650
_a
B.Tech(TE)
942
_2
ddc
_c
BK